El Palacio de los Tribunales y el misterio de la Cámara Gesell /
Guardado en:
| Autor Principal: | |
|---|---|
| Formato: | Libro |
| Idioma: | Undetermined |
| Publicado: |
Ituzaingó :
Maipue,
2019.
|
| Series: | Niñez y Adolescencia
|
| Materias: | |
| Etiquetas: |
Agregar Etiqueta
Sin Etiquetas, Sea el primero en etiquetar este registro!
|
| LEADER | 00682nam a22002295a 4500 | ||
|---|---|---|---|
| 001 | CEM.cems018757 | ||
| 008 | 210715s2019####xx############000#0#und#d | ||
| 005 | 20220408104513.0 | ||
| 003 | CEMS | ||
| 245 | 1 | 0 | |a El Palacio de los Tribunales y el misterio de la Cámara Gesell / |c María Cecilia López. |
| 260 | |a Ituzaingó : |b Maipue, |c 2019. | ||
| 300 | |a 16 p. | ||
| 490 | 1 | |a Niñez y Adolescencia | |
| 020 | |a 9789874490988 | ||
| 100 | 1 | |a López, Mara Cecilia. | |
| 082 | 0 | 4 | |a A863.9282 |
| 650 | 7 | |a Literatura | |
| 650 | 7 | |a Literatura Argentina | |
| 650 | 7 | |a Cuentos | |
| 650 | 7 | |a Cuento argentino | |
| 650 | 7 | |a Abuso infantil | |
| 859 | |a CEMS |b BIB. CEMS - 11 de abril |h A863.9282 |i L881 |p 29109.21 | ||
